[Event "Stay Safe Play From Home 140"]
[Site "T#645950Emanuel Laske"]
[Date "2020.05.11"]
[Round "4"]
[White "MartinKestler"]
[Black "KLIND"]
[Result "0-1"]
[WhiteElo "1945"]
[BlackElo "1900"]
[Annotator "TA"]
[PlyCount "150"]
[EventDate "2020.05.11"]
[EventType "swiss (blitz)"]

{[%evp 20,149,18,18,32,0,0,0,0,-7,-3,-14,-21,-27,14,-10,5,0,0,-8,19,19,19,16,26,0,101,101,101,101,101,101,114,4,8,5,19,-2,46,38,67,67,67,67,67,67,67,60,405,389,429,430,414,414,426,424,752,425,424,398,398,172,172,172,173,173,179,179,544,179,179,179,194,194,207,216,232,240,240,240,29994,-29979,-29977,-29980,-29981,-29982,-29981,-29985,-29982,-29986,-29987,-29987,-29987,-29987,-29987,-29988,-29989,-29989,-29988,-29988,-29989,-29989,-29990,-29990,-8,-29990,-29991,-29998,-29994,-29994,-29993,-29993,-29994,-29995,-29991,-29991,-29992,-29992,-29993,-29996,-29995,-29995,-29995,-29995,-29996,-29996,-29995,-29995,-29996,-29996,-29995,-29999]} 1. Nf3 d5 2. b3 c6 3. Bb2 Nf6 4. e3 g6 5. d4 Bg7 6. Be2 O-O 7. O-O Bg4 8. Nbd2 Nbd7 9. h3 Bxf3 10. Bxf3 Re8 11. c4 e5 {A12: English Opening: 1...c6 with b3 by White.} 12. dxe5 Nxe5 {[#]} 13. Bxe5 $146 ({Predecessor:} 13. Be2 dxc4 14. Nxc4 Qxd1 15. Raxd1 Nxc4 16. Bxc4 Rad8 17. Rfe1 Nd7 18. Bxg7 Kxg7 19. f4 Nb6 20. Bd3 Nd5 21. Bc4 {½-½ (21) Beshukov,A (1830)-Reisner,H (1700) Innsbruck 2017}) 13... Rxe5 {The position is equal.} 14. cxd5 Nxd5 15. Nc4 Re7 16. Rc1 Qd7 (16... Rd7 {is interesting.} 17. Qe2 Qe8 18. Rfe1 Nc3 19. Qb2 Ne4) 17. Bxd5 Qxd5 18. Qxd5 (18. Rc2 {seems wilder.} Qd8 19. Rd2 Qc7 20. a4 a6 21. Rd3) 18... cxd5 19. Na5 Rae8 20. Rfd1 b6 21. Nc6 Rc7 22. Nb4 ({Don't blunder} 22. Rxd5 $2 Re6 $19) 22... Rec8 (22... Rxc1 $11 23. Rxc1 d4) 23. Rxc7 $16 Rxc7 24. Nxd5 {[%mdl 4096] Endgame KRB-KRN} Rc2 25. a4 Be5 26. Nf4 ({Better is} 26. g3 $16) 26... Bxf4 $11 27. exf4 {KR-KR} Rc3 $1 28. Rd7 Rxb3 29. Rxa7 Rb4 30. g3 h5 31. h4 Kg7 32. Kg2 Kf6 33. Ra6 Rb1 $2 {[%mdl 8192]} (33... Kf5 $14) 34. a5 $18 Kf5 35. Rxb6 Ra1 36. Ra6 Ra2 37. Ra7 Ra3 (37... Ke6 $142 38. Ra8 Kd5) 38. a6 Kf6 39. Ra8 Kg7 40. a7 (40. f3 $142) 40... Ra5 41. Kf3 Ra2 42. Ke4 {[#] aiming for f3.} Ra4+ 43. Kd5 Ra5+ $2 (43... Ra2 44. f3 Rd2+ 45. Ke4 Ra2) 44. Kc4 $2 (44. Kc6 Ra2 45. f3) 44... Ra2 45. Kb3 Ra6 46. Kb4 {And now f3 would win.} Ra2 47. Kb5 {f3 is the strong threat.} Rb2+ 48. Kc6 Rc2+ 49. Kd5 {Threatens to win with Re8.} Rc8 $2 (49... Ra2 $18 50. f3 Rd2+ 51. Kc4 Ra2) 50. Ke4 $4 {[%mdl 8192]} (50. Rxc8 {avoids the disaster.} Kf6 51. a8=Q Kf5 52. f3 g5 53. Qa1 gxf4 54. Rg8 fxg3 55. Qe5#) 50... Rxa8 {KR-KP} 51. Kf3 Rxa7 52. Kg2 Ra5 53. f3 f6 54. g4 f5 55. gxh5 gxh5 {KR-K3P} 56. Kf2 Kf6 57. Ke2 Ra3 58. Kd2 Ra4 59. Ke2 Rxf4 60. Kf2 Rxh4 {KR-KP} 61. Kg3 Re4 $2 (61... Ra4 {mates} 62. Kf2 h4 63. Ke3 h3 64. Kd3 h2 65. Kc3 h1=Q 66. Kb3 Qd1+ 67. Kc3 Qc1+ 68. Kb3 Rf4 69. Ka2 Qc2+ 70. Ka3 Ra4#) 62. f4 $2 {[%mdl 8192] [#]} (62. fxe4 $11 fxe4 63. Kf4) 62... h4+ $1 {[%mdl 64] Decoy. Black mates.} 63. Kxh4 Rxf4+ {KR-K} 64. Kg3 Re4 65. Kf3 Kg5 66. Kf2 Rb4 {[%cal Be4b4,Bb4b2,Bb2a2][%mdl 32]} 67. Kf3 f4 68. Kf2 Kg4 69. Kf1 Rb2 70. Ke1 Kg3 71. Kd1 Ra2 72. Kc1 Rh2 73. Kb1 f3 74. Kc1 f2 {[%cal Rf2f1]} 75. Kd1 f1=Q# {Black used his chance. Accuracy: White = 65%, Black = 59%.} 0-1

[Event "Stay Safe Play From Home 140"]
[Site "T#645950Emanuel Laske"]
[Date "2020.05.11"]
[Round "4"]
[White "Fischer_11"]
[Black "Scorpio New"]
[Result "0-1"]
[WhiteElo "1937"]
[BlackElo "2158"]
[Annotator "TA"]
[PlyCount "98"]
[EventDate "2020.05.11"]
[EventType "swiss (blitz)"]

{[%evp 9,98,39,42,39,41,33,120,34,45,45,44,-41,-31,-342,-342,-321,27,0,30,15,29,-137,-133,-154,-102,-1536,-1541,-1583,-1587,-1579,-1564,-1713,-1704,-1659,-1606,-1781,-1758,-1737,-1679,-2145,-2134,-2352,-2363,-29980,-29981,-29986,-29987,-29989,-29990,-29990,-29991,-29991,-29983,-29988,-5406,-29981,-1226,-1202,-1162,-5098,-1220,-2036,-1862,-29969,-29969,-29962,-29961,-29965,-29966,-29967,-29968,-29973,-29973,-29972,-5925,-29978,-29967,-29972,-29965,-29984,-29985,-29992,-29993,-29997,-29993,-29993,-29991,-29993,-29992,-29993,-29994]} 1. e4 d6 2. d4 g6 3. Nc3 Bg7 4. Bg5 Nd7 5. Qd2 c6 6. O-O-O {B06: Modern Defence.} Qc7 7. f4 {[#]} e5 $146 (7... b5 $14) ({Predecessor:} 7... b5 8. d5 b4 9. Nb1 Ngf6 10. dxc6 Qxc6 11. Bd3 Nc5 12. Bxf6 Nxd3+ 13. Qxd3 Bxf6 {0-1 (23) Jergovic,A (1980)-Shariyazdanov,A (2579) Opatija 2013}) 8. Nf3 ({White should play} 8. fxe5 $16 {Nf3 is the strong threat.} dxe5 9. Nf3 exd4 10. Nxd4) 8... h6 $14 {Strongly threatening ...exd4.} 9. Bh4 {Black must now prevent fxe5.} exf4 $1 10. Qxf4 (10. d5 $14) 10... g5 $15 11. Nxg5 $2 {[%mdl 8192]} ({Better is} 11. Qg3 $15) 11... hxg5 $19 12. Bxg5 Nh6 $2 (12... f6 $1 $19 {[%cal Rf6g5]} 13. Kb1 fxg5 14. Qxg5 Bf6 15. Qg6+ Kd8) 13. Bc4 Nf8 14. Rhf1 Be6 15. Bb3 $2 ({White should try} 15. d5 $11 Ng6 16. Qd2) 15... Bxb3 $17 {Black continues to play with concentration.} 16. axb3 Ne6 17. Qf5 $2 {[%mdl 8192]} (17. Qg3 $17) 17... Nxf5 $19 {[%mdl 64] Discovered Attack} 18. exf5 Nxg5 19. f6 Bh6 20. Rde1+ Ne6+ 21. Kb1 Kd7 22. d5 cxd5 23. Nxd5 Qc5 24. c4 b5 25. Rf5 Qd4 26. cxb5 Rhg8 27. g3 Rg5 28. Rxg5 Bxg5 29. Nc3 Rc8 30. Rd1 Qb6 31. Ne4 {[#]} Bxf6 $1 32. Rxd6+ (32. Nxf6+ Kd8) 32... Ke7 (32... Qxd6 $142 33. Nxd6 Kxd6 34. b4 Rh8 35. h4 Be5 36. Kc2 Bxg3 37. Kd1 Rxh4 38. Ke2 Rxb4 39. Kd3 Rxb2 40. b6 Rb3+ 41. Kc4 Nc5 42. b7 Be1 43. b8=R Rxb8 44. Kd4 Bd2 45. Kc4 Rb4#) 33. Rxb6 axb6 34. Nc3 Nc5 35. Nd5+ Ke6 36. Nxb6 Rb8 37. Nc4 Nxb3 38. Kc2 Nd4+ 39. Kd3 Nxb5 40. b3 Nd6 41. Ne3 Be5 (41... Rxb3+ $142 42. Ke2 Rb2+ 43. Kd3 Rxh2 44. Nf1 Rf2 45. Ne3 Bg5 46. Nc2 Rd2+ 47. Kc3 Ne4+ 48. Kb3 Nxg3 49. Nb4 f5 50. Na6 f4 51. Nc5+ Kd5 52. Kc3 f3 53. Nd7 f2 54. Nb6+ Kc5 55. Na4+ Kb5 56. Kb3 f1=Q 57. Nc3+ Ka5 58. Ka3 Qf8+ 59. Kb3 Qb4#) 42. Nc2 Rd8 {Black mates.} 43. Ke2 Nf5 44. Kf3 Nd4+ 45. Kg2 Nxc2 46. Kh3 Nb4 47. Kg4 Bf6 48. h4 Bg7 49. h5 f5+ {Accuracy: White = 17%, Black = 45%.} 0-1

[Event "Stay Safe Play From Home 140"]
[Site "T#645950Emanuel Laske"]
[Date "2020.05.11"]
[Round "4"]
[White "Patzeroglu"]
[Black "Lazieri3"]
[Result "0-1"]
[WhiteElo "1844"]
[BlackElo "2112"]
[Annotator "TA"]
[PlyCount "88"]
[EventDate "2020.05.11"]
[EventType "swiss (blitz)"]

{[%evp 9,88,33,33,27,15,10,10,6,5,8,12,6,16,15,31,35,40,30,35,0,-9,-24,-22,-28,-26,-27,-8,-23,-1,0,0,0,0,0,0,0,4,4,4,4,59,42,50,8,179,147,146,0,0,45,57,0,0,0,0,-27,0,0,215,207,614,625,617,600,545,-1877,-1886,-12843,-12843,-12844,-12843,-12845,-12845,-12845,-12846,-12848,-12848,-12849,-12848,-29995,-12850]} 1. e4 c6 2. d4 d5 3. Nc3 dxe4 4. Nxe4 Nd7 5. Bd3 Ndf6 6. Ne2 {B17: Caro-Kann: Modern Line (4...Nd7).} (6. Ng5 {seems wilder.} Bg4 7. N1f3 Bh5 8. c3 e6 9. Nh3) 6... Nxe4 7. Bxe4 Nf6 8. Bf3 {The position is equal.} Bf5 9. O-O e6 10. c3 h6 {[#]} 11. Bf4 $146 ({Predecessor:} 11. Re1 Bd6 12. Bf4 Bxf4 13. Nxf4 O-O 14. Nd3 Qb6 15. b3 Rfd8 16. Nc5 Nd7 17. Nxd7 Rxd7 {0-1 (33) Ther,M (1935)-Siddharth,J (2132) Newcastle 2019}) 11... Be4 12. Bxe4 Nxe4 13. Qb3 Qb6 14. Qxb6 (14. Qc2 {with more complications.} Nf6 15. a4 a5 16. Nc1 Be7 17. Nd3) 14... axb6 15. Ng3 Nxg3 16. Bxg3 Kd7 17. a3 Bd6 18. Be5 Bxe5 19. dxe5 $11 {[%mdl 4096] Endgame KRR-KRR} Kc7 20. Rad1 Rad8 21. f4 b5 22. Kf2 Rd5 23. Rxd5 exd5 {KR-KR} 24. Ke3 g6 (24... Re8 $11) 25. f5 g5 26. Kf3 c5 $2 {[#]} (26... Re8 $11) 27. Kg4 $1 $18 Kc6 28. Kh5 (28. Rc1 $16) 28... d4 $14 29. cxd4 cxd4 30. e6 ({White should try} 30. b3 $1 $14) 30... fxe6 $11 31. fxe6 {And now Kg6 would win.} Re8 32. Re1 {Kg6 is the strong threat.} Kd5 (32... Kd6 $5 {[%cal Re8e6]} 33. Rd1 Kd5 34. Kxh6 Rxe6+ 35. Kxg5 Re2 $11) 33. e7 {Black must now prevent Kg6.} d3 $2 (33... Kd6 $11 {and Black has nothing to worry.}) 34. Kxh6 $18 Kd4 $2 (34... Kd6) 35. Kxg5 d2 36. Rd1 Rxe7 37. Kf6 $4 {[%mdl 8192]} (37. Rxd2+ $18 Ke3 38. Rd6) 37... Re2 $19 38. h4 Rxg2 39. h5 Rh2 40. Kg6 Kd3 41. h6 {[#]} Kc2 $1 {[%mdl 512]} 42. h7 Kxd1 43. Kg7 Rxh7+ 44. Kg8 {[#]} Kc2 $1 {Accuracy: White = 76%, Black = 74%.} 0-1

[Event "Stay Safe Play From Home 140"]
[Site "T#645950Emanuel Laske"]
[Date "2020.05.11"]
[Round "4"]
[White "Chase the sun"]
[Black "Muralikrishna"]
[Result "0-1"]
[WhiteElo "1814"]
[BlackElo "1803"]
[Annotator "NA RC"]
[PlyCount "62"]
[EventDate "2020.05.11"]
[EventType "swiss (blitz)"]

1. e4 {[%emt 0:00:01]} Nc6 {[%emt 0:00:01]} 2. Nc3 {[%emt 0:00:01]} e5 {[%emt 0:00:01]} 3. Bc4 {[%emt 0:00:02]} Nf6 {[%emt 0:00:01]} 4. d3 {[%emt 0:00:01]} Be7 {[%emt 0:00:01]} 5. f4 {[%emt 0:00:01]} O-O {[%emt 0:00:01]} 6. Nf3 {[%emt 0:00:01]} d5 {[%emt 0:00:01]} 7. Nxd5 {[%emt 0:00:03]} Nxd5 {[%emt 0:00:02]} 8. exd5 {[%emt 0:00:00]} Na5 {[%emt 0:00:01]} 9. fxe5 {[%emt 0:00:02]} Bh4+ {[%emt 0:00:02]} 10. g3 {[%emt 0:00:02]} Be7 {[%emt 0:00:03]} 11. O-O {[%emt 0:00:01]} c6 {[%emt 0:00:01]} 12. d6 {[%emt 0:00:02]} Bxd6 {[%emt 0:00:01]} 13. exd6 {[%emt 0:00:01]} Qxd6 {[%emt 0:00:01]} 14. Bf4 {[%emt 0:00:01]} Qc5+ {[%emt 0:00:02]} 15. Kg2 {[%emt 0:00:02]} Bg4 {[%emt 0:00:01]} 16. Qd2 {[%emt 0:00:05]} Rad8 {[%emt 0:00:02]} 17. Bb3 {[%emt 0:00:02]} Qb6 {[%emt 0:00:03]} 18. Rae1 {[%emt 0:00:02]} c5 {[%emt 0:00:01]} 19. Be3 {[%emt 0:00:01]} Qc6 {[%emt 0:00:02]} 20. h3 {[%emt 0:00:03]} Bxf3+ {[%emt 0:00:02]} 21. Rxf3 {[%emt 0:00:00]} c4 {[%emt 0:00:01]} 22. Ba4 {[%emt 0:00:07]} b5 {[%emt 0:00:03]} 23. Qxa5 {[%emt 0:00:01]} bxa4 {[%emt 0:00:01]} 24. Qh5 {[%emt 0:00:02]} g6 {[%emt 0:00:02]} 25. Qh4 {[%emt 0:00:03]} cxd3 {[%emt 0:00:01]} 26. Bh6 {[%emt 0:00:01]} Rfe8 {[%emt 0:00:02]} 27. cxd3 {[%emt 0:00:04]} Rxd3 {[%emt 0:00:02]} 28. Ref1 {[%emt 0:00:00]} Rxf3 {[%emt 0:00:02]} 29. Rxf3 {[%emt 0:00:00]} Re2+ {[%emt 0:00:01]} 30. Kg1 {[%emt 0:00:04]} Qc1+ {[%emt 0:00:01]} 31. Bxc1 {[%emt 0:00:02]} Re1+ {[%emt 0:00:01] Zeit (Lag: Av=0.58s, max=1.2s)} 0-1

[Event "Stay Safe Play From Home 140"]
[Site "T#645950Emanuel Laske"]
[Date "2020.05.11"]
[Round "4"]
[White "Trotsky"]
[Black "Edmatuag"]
[Result "0-1"]
[WhiteElo "1651"]
[BlackElo "1667"]
[Annotator "NA RC"]
[PlyCount "62"]
[EventDate "2020.05.11"]
[EventType "swiss (blitz)"]

1. d4 {[%emt 0:00:01]} d5 {[%emt 0:00:01]} 2. e3 {[%emt 0:00:00]} Nf6 {[%emt 0:00:01]} 3. c4 {[%emt 0:00:01]} e6 {[%emt 0:00:00]} 4. Nc3 {[%emt 0:00:01]} Be7 {[%emt 0:00:01]} 5. Nf3 {[%emt 0:00:01]} c6 {[%emt 0:00:00]} 6. c5 {[%emt 0:00:01]} Nbd7 {[%emt 0:00:02]} 7. Bd3 {[%emt 0:00:01]} O-O {[%emt 0:00:01]} 8. Qc2 {[%emt 0:00:01]} g6 {[%emt 0:00:02]} 9. h4 {[%emt 0:00:01]} Ne8 {[%emt 0:00:01]} 10. Ng5 {[%emt 0:00:01]} Ng7 {[%emt 0:00:01]} 11. h5 {[%emt 0:00:02]} e5 {[%emt 0:00:04]} 12. hxg6 {[%emt 0:00:01]} Bxg5 {[%emt 0:00:03]} 13. gxf7+ {[%emt 0:00:02]} Rxf7 {[%emt 0:00:02]} 14. Bxh7+ {[%emt 0:00:02]} Kf8 {[%emt 0:00:01]} 15. Bg6 {[%emt 0:00:01]} Rxf2 {[%emt 0:00:06]} 16. Rh8+ {[%emt 0:00:02]} Ke7 {[%emt 0:00:02]} 17. Rxd8 {[%emt 0:00:04]} Rxc2 {[%emt 0:00:02]} 18. Rg8 {[%emt 0:00:06]} Rxg2 {[%emt 0:00:03]} 19. Bd2 {[%emt 0:00:02]} Rg1+ {[%emt 0:00:03]} 20. Ke2 {[%emt 0:00:02]} Rxa1 {[%emt 0:00:00]} 21. dxe5 {[%emt 0:00:02]} Nxe5 {[%emt 0:00:03]} 22. Rxg7+ {[%emt 0:00:01]} Kf6 {[%emt 0:00:01]} 23. Rh7 {[%emt 0:00:12]} Nxg6 {[%emt 0:00:01]} 24. e4 {[%emt 0:00:02]} Rg1 {[%emt 0:00:02]} 25. e5+ {[%emt 0:00:03]} Nxe5 {[%emt 0:00:03]} 26. Rh5 {[%emt 0:00:02]} Rg2+ {[%emt 0:00:01]} 27. Kd1 {[%emt 0:00:01]} Rxd2+ {[%emt 0:00:01]} 28. Ke1 {[%emt 0:00:01]} Rg2 {[%emt 0:00:00]} 29. Ne2 {[%emt 0:00:03]} Rxe2+ {[%emt 0:00:01]} 30. Kxe2 {[%emt 0:00:01]} Kg6 {[%emt 0:00:01]} 31. Rh8 {[%emt 0:00:01]} Bg4+ {[%emt 0:00:01] ' Âðåìÿ (Lag: Av=0.36s, max=0.7s) .} 0-1

[Event "Stay Safe Play From Home 140"]
[Site "T#645950Emanuel Laske"]
[Date "2020.05.11"]
[Round "4"]
[White "UHU4"]
[Black "Emresenar"]
[Result "0-1"]
[WhiteElo "1519"]
[BlackElo "1636"]
[Annotator "NA RC"]
[PlyCount "40"]
[EventDate "2020.05.11"]
[EventType "swiss (blitz)"]

1. e4 {[%emt 0:00:01]} b6 {[%emt 0:00:00]} 2. d4 {[%emt 0:00:01]} Bb7 {[%emt 0:00:00]} 3. Nc3 {[%emt 0:00:00]} g6 {[%emt 0:00:01]} 4. Bd3 {[%emt 0:00:01]} f5 {[%emt 0:00:01]} 5. Be3 {[%emt 0:00:02]} Nf6 {[%emt 0:00:03]} 6. e5 {[%emt 0:00:02]} Bxg2 {[%emt 0:00:02]} 7. f3 {[%emt 0:00:05]} Bxh1 {[%emt 0:00:01]} 8. exf6 {[%emt 0:00:01]} exf6 {[%emt 0:00:02]} 9. Qe2 {[%emt 0:00:02]} Qe7 {[%emt 0:00:03]} 10. O-O-O {[%emt 0:00:03]} Nc6 {[%emt 0:00:05]} 11. Nd5 {[%emt 0:00:02]} Qd6 {[%emt 0:00:03]} 12. Nxf6+ {[%emt 0:00:06]} Kf7 {[%emt 0:00:03]} 13. Ne4 {[%emt 0:00:11]} fxe4 {[%emt 0:00:01]} 14. fxe4 {[%emt 0:00:02]} Bg7 {[%emt 0:00:07]} 15. Bc4+ {[%emt 0:00:03]} Ke7 {[%emt 0:00:02]} 16. e5 {[%emt 0:00:01]} Nxe5 {[%emt 0:00:07]} 17. Bg5+ {[%emt 0:00:07]} Bf6 {[%emt 0:00:01]} 18. Bxf6+ {[%emt 0:00:05]} Qxf6 {[%emt 0:00:01]} 19. dxe5 {[%emt 0:00:01]} Qg5+ {[%emt 0:00:01]} 20. Kb1 {[%emt 0:00:02]} Bc6 {[%emt 0:00:02] Tiempo (Lag: Av=0.70s, max=0.8s) .} 0-1

[Event "Stay Safe Play From Home 140"]
[Site "T#645950Emanuel Laske"]
[Date "2020.05.11"]
[Round "4"]
[White "Pokerpapi"]
[Black "Nagaram"]
[Result "0-1"]
[WhiteElo "1472"]
[BlackElo "1471"]
[Annotator "NA RC"]
[PlyCount "66"]
[EventDate "2020.05.11"]
[EventType "swiss (blitz)"]

1. e4 {[%emt 0:00:02]} e5 {[%emt 0:00:01]} 2. Bc4 {[%emt 0:00:01]} Nf6 {[%emt 0:00:01]} 3. Bxf7+ {[%emt 0:00:01]} Kxf7 {[%emt 0:00:01]} 4. Qf3 {[%emt 0:00:00]} Nc6 {[%emt 0:00:02]} 5. Qb3+ {[%emt 0:00:02]} Ke8 {[%emt 0:00:01]} 6. c3 {[%emt 0:00:03]} Be7 {[%emt 0:00:01]} 7. Nf3 {[%emt 0:00:01]} Rf8 {[%emt 0:00:01]} 8. d3 {[%emt 0:00:00]} d6 {[%emt 0:00:01]} 9. Ng5 {[%emt 0:00:01]} Bd7 {[%emt 0:00:02]} 10. Qxb7 {[%emt 0:00:02]} Rb8 {[%emt 0:00:02]} 11. Qa6 {[%emt 0:00:02]} Rb6 {[%emt 0:00:01]} 12. Qa4 {[%emt 0:00:02]} Nd4 {[%emt 0:00:02]} 13. cxd4 {[%emt 0:00:09]} Bxa4 {[%emt 0:00:02]} 14. b3 {[%emt 0:00:00]} Bd7 {[%emt 0:00:02]} 15. d5 {[%emt 0:00:01]} h6 {[%emt 0:00:02]} 16. Nf3 {[%emt 0:00:01]} Ng4 {[%emt 0:00:02]} 17. Be3 {[%emt 0:00:07]} Rb8 {[%emt 0:00:02]} 18. Bd2 {[%emt 0:00:06]} c6 {[%emt 0:00:02]} 19. h3 {[%emt 0:00:01]} Nf6 {[%emt 0:00:04]} 20. O-O {[%emt 0:00:01]} cxd5 {[%emt 0:00:01]} 21. Nc3 {[%emt 0:00:01]} dxe4 {[%emt 0:00:01]} 22. dxe4 {[%emt 0:00:02]} Bc6 {[%emt 0:00:02]} 23. Be3 {[%emt 0:00:05]} Nxe4 {[%emt 0:00:03]} 24. Nxe4 {[%emt 0:00:02]} Bxe4 {[%emt 0:00:00]} 25. Nh4 {[%emt 0:00:01]} Ra8 {[%emt 0:00:00]} 26. Ng6 {[%emt 0:00:02]} Rf7 {[%emt 0:00:02]} 27. Bb6 {[%emt 0:00:01]} axb6 {[%emt 0:00:02]} 28. Nh8 {[%emt 0:00:00]} Rf8 {[%emt 0:00:02]} 29. Ng6 {[%emt 0:00:00]} Bxg6 {[%emt 0:00:01]} 30. f4 {[%emt 0:00:02]} exf4 {[%emt 0:00:01]} 31. Rae1 {[%emt 0:00:00]} f3 {[%emt 0:00:01]} 32. Rxe7+ {[%emt 0:00:01]} Qxe7 {[%emt 0:00:00]} 33. Rxf3 {[%emt 0:00:00]} Qe1+ {[%emt 0:00:01] ' Zeit (Lag: Av=0.49s, max=0.6s)} 0-1

[Event "Stay Safe Play From Home 140"]
[Site "T#645950Emanuel Laske"]
[Date "2020.05.11"]
[Round "5"]
[White "Mepe_Nika"]
[Black "Onlyforchess"]
[Result "0-1"]
[WhiteElo "2430"]
[BlackElo "2540"]
[Annotator "TA"]
[PlyCount "122"]
[EventDate "2020.05.11"]
[EventType "swiss (blitz)"]

{[%evp 16,122,20,18,13,13,11,17,16,27,42,45,28,-6,62,52,423,0,25,19,42,46,85,68,68,64,80,56,56,21,56,65,61,66,66,0,80,74,90,58,237,241,305,288,1008,974,955,627,681,622,627,128,133,104,160,0,0,0,0,0,0,0,0,0,0,0,0,-13,-8,-10,0,0,0,-87,0,0,0,-8,-8,-11,-8,-20,0,-29989,-6244,-4718,-1497,-29990,-29991,-29992,-29977,-29992,29985,29986,29989,29990,29990,29990,29989,29990,29991,29992,29992,29992,29992,29989,29989,29990,29990]} 1. d4 c5 2. c3 cxd4 3. cxd4 d5 4. Nc3 Nc6 5. Nf3 Nf6 6. Bf4 Bf5 7. Qb3 Na5 8. Qa4+ Bd7 9. Qc2 e6 $1 {9...e6 scores better than 9...Rc8. D14: Slav Defence: Exchange variation with ...Bf5.} 10. e3 Rc8 11. Bd3 Bb4 {The position is equal.} 12. O-O h6 13. Ne5 O-O 14. Rac1 Qb6 (14... Nh5 $11) 15. Qe2 $14 Rfd8 $2 {[%mdl 8192]} (15... Bxc3 $14 16. bxc3 (16. Rxc3 Rxc3 17. bxc3 Rc8 $14) (16. Nxd7 Nxd7 17. bxc3 Nf6 $11) 16... a6) 16. Bb1 $2 (16. Nxd7 $18 Rxd7 17. Nxd5 $1 {[%mdl 512]} Rxc1 18. Nxf6+ gxf6 19. Qg4+ Kf8 20. Rxc1) 16... Nc4 17. Nxc4 dxc4 18. Qc2 Qa6 19. Be5 Be7 20. a3 $40 {[%mdl 128] White has some attack.} b5 21. Bxf6 Bxf6 22. Qh7+ Kf8 23. Ne4 Ke7 24. Nxf6 gxf6 25. Qxh6 (25. Bg6 $14 Rf8 26. Bh5) 25... Rh8 (25... Qd6 $1 $11) 26. Qf4 $16 Rcg8 27. e4 Qd6 $2 (27... e5 $1 $14 28. dxe5 Bh3) 28. e5 $1 $18 fxe5 29. dxe5 Qd5 $2 (29... Qc7 30. Be4 Rh5) 30. Be4 Qc5 31. Qf6+ Ke8 32. Rcd1 {Rxd7! would kill now.} Qe7 33. Qxe7+ $2 (33. Rd6 $18 {aiming for Rfd1.} Rh4 34. f3) 33... Kxe7 $16 34. f4 Rd8 (34... Rc8 $142) 35. f5 $2 (35. Rd4 $16) 35... exf5 $11 36. Bxf5 Bxf5 37. Rxd8 Rxd8 38. Rxf5 {[%mdl 4096] Endgame KR-KR} Rd2 39. Rf2 Rd1+ 40. Rf1 Rd4 41. h3 a5 42. Rf2 b4 43. axb4 axb4 44. Kh2 (44. Kf1 $11 {remains equal.}) 44... Rd1 ({Black should try} 44... Ke6 $1 $17) 45. Rc2 Rd4 46. g4 b3 47. Re2 Ke6 {White must now prevent ...Rd5.} 48. Kg3 c3 49. Kf3 $2 {[%mdl 8192]} (49. bxc3 $11 Rc4 50. h4) 49... Rd3+ (49... c2 $142 50. Ke3 Rd1 51. Rf2 c1=Q+ 52. Ke4 Re1+ 53. Kf3 Qe3+ 54. Kg2 Kxe5 55. Rf5+ Ke4 56. Rf2 Rh1 $1 {[%mdl 512]} 57. Rf1 Qxh3+ {[%mdl 64] Double Attack} 58. Kf2 Rxf1+ 59. Ke2 Qg2#) 50. Ke4 $19 {[#]} c2 (50... Rd2 $142 $1 {[%mdl 512]} 51. Re3 c2) 51. Re1 Rd1 52. Re3 Rc1 53. Kf3 Re1 $4 {[%mdl 8192]} (53... Rf1+ {and all is fine.} 54. Kg3 c1=Q 55. Re4 Qd2 56. Kh4 Rf3 57. Re3 Rxe3 58. g5 Qd4+ {[%mdl 64] Double Attack} 59. Kh5 Rxh3#) 54. Rxe1 {White mates.} c1=Q 55. Rxc1 {KR-KPP} Kd5 56. g5 Kxe5 57. h4 Kf5 58. h5 Kxg5 {[#]} 59. h6 $1 Kxh6 60. Rc3 Kg6 61. Rxb3 f6 {[%mdl 32768] Both players deserved the win here. Accuracy: White = 60%, Black = 58%. . Loss on time!?} 0-1

[Event "Stay Safe Play From Home 140"]
[Site "T#645950Emanuel Laske"]
[Date "2020.05.11"]
[Round "5"]
[White "Lamborghini"]
[Black "SoulofWolf"]
[Result "1-0"]
[WhiteElo "2269"]
[BlackElo "2193"]
[Annotator "TA"]
[PlyCount "51"]
[EventDate "2020.05.11"]
[EventType "swiss (blitz)"]

{[%evp 19,51,0,31,18,103,76,186,177,172,169,267,259,290,294,1022,1031,1283,1266,1534,1512,2523,2605,29988,29989,29989,29990,29994,29993,29993,29994,29996,29994,29998,29999]} 1. e4 d6 2. d4 c5 3. Nf3 cxd4 4. Nxd4 Nc6 5. Nc3 Bd7 6. Bc4 Nf6 7. Bb3 e6 8. Be3 Be7 9. Qe2 O-O 10. O-O-O Rc8 11. g4 {[#] B89: Sicilian: Velimirovic Attack.} Ne5 $146 (11... Nxd4 $11 12. Bxd4 Qa5) ({Predecessor:} 11... Nxd4 12. Bxd4 e5 13. Bxa7 Rxc3 14. bxc3 d5 15. exd5 Ba3+ 16. Kb1 Qa5 17. Be3 Ne4 {0-1 (17) Fischer,K-Schnur,E DESC email 2006}) 12. g5 Ne8 (12... Nfg4 $16) 13. f4 {White is clearly better.} Nc6 14. h4 Qc7 (14... Na5 $142 15. Kb1 a6) 15. f5 {[%cal Rf5e6]} Nxd4 16. Bxd4 ({Resist} 16. Rxd4 $6 Qd8 $16) 16... exf5 $2 (16... a5 17. fxe6 Bxe6) 17. Nd5 $18 {[%mdl 64] [#] Double Attack} Qd8 18. exf5 Bxg5+ 19. hxg5 Qxg5+ 20. Kb1 Bxf5 21. Rdg1 {White mates.} Qxg1+ 22. Rxg1 f6 23. Ne7+ Kh8 24. Nxf5 Nc7 {[#]} 25. Qh2 $1 h6 26. Rxg7 {Black got outplayed after the opening. Accuracy: White = 100%, Black = 13%.} 1-0